000 01427nam a22002297a 4500
999 _c59934
_d59934
003 Ge_BSU
005 20230518163407.0
008 230518s1991 ge ||||| |||| 00| 0 geo d
041 _ageo
080 _a94(479.22:470) ს-56
100 _aსიხარულიძე, ფრიდონ
_918125
245 _aმოსკოვის ქართული ახალშენის ისტორიიდან /
_cფრიდონ სიხარულიძე; [რედ.: გ. ციციშვილი] ; საქ. მეცნ. აკადემია, ერთა შორის ურთიერთობის კვლევის ცენტრი.
264 _aთბილისი :
_b მეცნიერება,
_c1991.
300 _a310 გვ. :
_bილ. ;
_c19სმ.
501 _a საძიებლები: გვ. 295-307.
520 _aრეზ. რუს. და ინგლ. ენ.
653 _aქართველები რუსეთში
653 _aსაქართველო-რუსეთის ურთიერთობების ისტორია
700 _aციციშვილი, გ.
_eრედაქტორი
_916294
710 _aსაქ. მეცნ. აკადემია
_bერთა შორის ურთიერთობის კვლევის ცენტრი.
_918126
942 _2udc
_cBK